00457 a2200169 4500010001400000020001100014035001300025037001800038082001100056100002000067245006000087250001300147260003600160270001900196300003200215500004000247 aENG-85532 c100.00 aEN-69065 bD.B.Act / Pub14a954.511 aPegu, Normal C.1 aThe mishings of the Brahmaputra vallycby Nomal C. Pegu arev. ed. aAssambMrs. Monumati Peguc2005 aDhemajibAssam a173 p.c22 cm (Hb.)bPhotos aIncludes bibliograpgical refrences